Statistics for Liberian County Flags

Click here to take the quiz!

General Stats

  • This quiz has been taken 6 times
  • The average score is 6 of 15

Answer Stats

Answer% Correct
Lofa County
67%
Bomi County
50%
Bong County
50%
Maryland County
50%
River Gee County
50%
Sinoe County
50%
Gbarpolu County
33%
Grand Bassa County
33%
Grand Cape Mount County
33%
Grand Gedeh County
33%
Nimba County
33%
Grand Kru County
17%
Margibi County
17%
Montserrado County
17%
Rivercress County
17%

Score Distribution

Percentile by Number Answered

Percent of People with Each Score

Your Score History

You have not taken this quiz